| 000 | 00439nam a22001577a 4500 | ||
|---|---|---|---|
| 003 | OSt | ||
| 005 | 20260127155843.0 | ||
| 008 | 260127b |||||||| |||| 00| 0 eng d | ||
| 040 | _cMRSPTU | ||
| 041 | _aENG | ||
| 100 | _aNeeraj Kumar ,Supervisor: Dr. Aradhana Mehta | ||
| 245 | _aWater Logging in South Western Punjab | ||
| 260 |
_bDepartment of Civil Engg. MRSPTU, Bathinda _c2004 |
||
| 650 | _aCivil Engineering | ||
| 942 |
_2ddc _cTH _n0 |
||
| 999 |
_c10767 _d10767 |
||